000 00285nam a22001337a 4500
999 _c32382
_d32382
003 Nust
005 20170120175149.0
008 170120b xxu||||| |||| 00| 0 eng d
020 _a0-07-0671192
040 _c.
082 _a670.4223 BAW
100 _aBAWA, H S.
245 _aWORKSHOP PRACTICE
_cBAWA, H S
250 _a2nd
260 _aNew Delhi,
_bTata McGraw Hill,
_c2011.
300 _a250p. ;
500 _aPaperback.
942 _cBK
_2ddc